| 000 | 00439nam a2200181Ia 4500 | ||
|---|---|---|---|
| 005 | 20250603145735.0 | ||
| 008 | 250603s9999 xx 000 0 und d | ||
| 020 | _a9780070583719 | ||
| 050 | _aQA 76 .J39/ | ||
| 100 | _aJawadekar, Waman S. | ||
| 245 | 0 | _aSoftware engineering principles and practice | |
| 260 | _aNew Delhi | ||
| 260 | _bTata McGraw Hill | ||
| 260 | _c2004 | ||
| 300 | _a844 p | ||
| 650 | _aNew Delhi | ||
| 942 | _cBK | ||
| 999 |
_c42716 _d42716 |
||